| 000 | 00749nam a22001217a 4500 | ||
|---|---|---|---|
| 040 | _cRUA | ||
| 100 | _aLIV KAMSANG,លិវ កាំសាង | ||
| 245 | _aBACTERIA ESCHERICHIA COLI AND SALMONELLA SPP.IN DRINKING WATER FOR PIGS IN THE FARMS IN PRASATBAKONG DISTRICT,SIEM REAP PROVINCE,បាក់តេរី ESCHERICHIA COLI និង SALMONELLA SPP.ក្នុងទឹកសម្រាប់សត្វជ្រូកផឹកក្នុងកសិដ្ឋាននៅស្រុកប្រាសាទបាគង ខេត្តសៀមរាប | ||
| 260 |
_aphnom penh _brua _c2019 |
||
| 300 |
_ax.42p. _bill. _c29cm. |
||
| 856 | _uhttps://drive.google.com/file/d/1IWQ0PK_fC8Z8Z20jtaTdz5Fin0KGn0wZ/view?usp=share_link | ||
| 942 | _cVEM | ||
| 999 |
_c20394 _d20394 |
||